Normal view MARC view

Entry Topical Term

Number of records used in: 0

001 - CONTROL NUMBER

  • control field: 1458043

003 - CONTROL NUMBER IDENTIFIER

  • control field: NLI

005 - DATE AND TIME OF LATEST TRANSACTION

  • control field: 20231125154034.0

008 - FIXED-LENGTH DATA ELEMENTS

  • fixed length control field: 231125|| aca||aabn | a|a d

040 ## - CATALOGING SOURCE

  • Original cataloging agency: NLI
  • Transcribing agency: NLI

150 ## - HEADING--TOPICAL TERM

  • Topical term or geographic name entry element: Music
  • General subdivision: Social aspects
  • Geographic subdivision: Great Britain
  • General subdivision: History
  • Chronological subdivision: 18th century

670 ## - SOURCE DATA FOUND

  • Source citation: Work cat.: (NLI)1577122: Robertson-Kirkland, Brianna E., 1989- author. 1458039, Venanzio Rauzzini and the birth of a new style in English singing :, 2021.
                                                                           
web counter

Copyright ©2020 The National Library of India, Govt. of India ↔ Hosted by NVLI, MOC ↔ Technology and Design by National Library of India, Ministry of Culture, Govt. of India